000 01282nam a2200325 a 4500
999 _c185785
_d185785
003 BLK
005 20240224160446.0
008 180411b bul|||||r ||||||| ||bul||
010 _aKNG00194779000
040 _aBLK
041 _aBUL
_cBUL
080 _aПшеница
_b633.11
_z633.11
080 _aЦаревица
_b633.15
_z633.15
100 1 _aКъдрев, Тодор Георгиев
_eпърви автор
_9314808
139 _aКъдрев, Тодор Георгиев
_bК 95
245 1 0 _aХранене на пшеницата и царевицата
_bМоногр.
_cТодор Георгиев Къдрев
257 _aBGR
260 _aСофия
_bБАН
_c1977
300 _a172 с.
_bс черт., табл., диагр., 1 л. ил.
_c21 см
380 _a63
500 _aИзд. на БАН. Инст. по физиология на растенията.
504 _aБиблиогр. с. 158-169.
650 4 _aПшеница - отглеждане
_9326620
650 4 _aЦаревица - селекция и отглеждане
_9260957
852 _aЦб 88484
_bЦб
856 4 _qpdf
_i0.00
_ldisable
942 _cKNG
_n0
_04
_s1
944 _aCR
_c31.10.2016
_k30546
_lРенета Константинова
944 _aED
_c31.10.2016
_kКети_Илиева